El trabajo en equipo: ventajas y dificultades (Registro nro. 5018)
[ vista simple ]
| 000 -CABECERA | |
|---|---|
| campo de control de longitud fija | 01083aam a2200373 4500 |
| 005 - FECHA Y HORA DE ACTUALIZACIÓN | |
| campo de control | 20241025191827.0 |
| 008 - LONGITUD FIJA | |
| campo de control de longitud fija | 150427b xxu||||| |||| 00| 0 spa d |
| 041 ## - IDIOMA | |
| Código de idioma del texto/pista de sonido o título separado | |
| 082 ## - CLASIFICACIÓN DECIMAL DEWEY | |
| Número de clasificación | 658.3 K19t |
| 100 ## - AUTOR PERSONAL | |
| Nombre de persona | Katzenbach, Jon |
| 245 ## - TÍTULO PROPIAMENTE DICHO | |
| Título | El trabajo en equipo: ventajas y dificultades |
| 260 ## - PIE DE IMPRENTA | |
| Lugar de publicación, distribución, etc. | Argentina |
| Nombre del editor, distribuidor, etc. | Granica |
| Fecha de publicación, distribución, etc. | 2008 |
| 300 ## - DESCRIPCIÓN FÍSICA | |
| Extensión | 367 páginas |
| 650 ## - Materia General | |
| Materia general | ADMINISTRACIÓPN DE PERSONAL |
| 650 ## - Materia General | |
| Materia general | HARVARD BUSINESS REVIEW |
| 650 ## - Materia General | |
| Materia general | TRABAJO EN EQUIPO |
| 650 ## - Materia General | |
| Materia general | GESTIÓN DE EQUIPOS |
| 650 ## - Materia General | |
| Materia general | EFICIENCIA ORGANIZACIONAL |
| 650 ## - Materia General | |
| Materia general | CREACIÓN DE EQUIPO |
| 650 ## - Materia General | |
| Materia general | LIDERAZGO EN EQUIPOS |
| 650 ## - Materia General | |
| Materia general | PROYECTOS COMPLEJOS |
| 650 ## - Materia General | |
| Materia general | DISCIPLINA DEL EQUIPO |
| 650 ## - Materia General | |
| Materia general | DESEMPEÑO DE EQUIPOS |
| 650 ## - Materia General | |
| Materia general | COMPOSICIÓN DE EQUIPOS |
| 650 ## - Materia General | |
| Materia general | RECURSOS Y DISCIPLINAS |
| 650 ## - Materia General | |
| Materia general | DINÁMICA DE GRUPOS |
| 650 ## - Materia General | |
| Materia general | MEJORA DEL DESEMPEÑO |
| 650 ## - Materia General | |
| Materia general | UNIDADES DE TRABAJO |
| 650 ## - Materia General | |
| Materia general | COLABORACIÓN ORGANIZACIONAL |
| 650 ## - Materia General | |
| Materia general | ESTRATEGIAS DE GESTIÓN |
| 650 ## - Materia General | |
| Materia general | INFORMÁTICA |
| 650 ## - Materia General | |
| Materia general | LIDERAZGO |
| 942 ## - Punto de Acceso Adicional Koha | |
| Tipo de ítem Koha | Libro |
| Estado perdido | Fuente de clasificación o esquema de estantería | Estado dañado | No para préstamo | Biblioteca permanente | Biblioteca actual | Signatura completa | Código de barras | Programa Académico | Tipo de ítem |
|---|---|---|---|---|---|---|---|---|---|
| Dewey Decimal Classification | Departamento de Biblioteca y Documentación Alfonso Chase Brenes | Departamento de Biblioteca y Documentación Alfonso Chase Brenes | 658.3 K19t | 16423 | Libro | ||||
| Dewey Decimal Classification | Departamento de Biblioteca y Documentación Alfonso Chase Brenes | Departamento de Biblioteca y Documentación Alfonso Chase Brenes | 658.3 K19t | 22880 | Libro |